00705nam a22001575i 4500001000700000003000900007005001700016008004100033040002000074100004300094245011100137260013100248300009800379651002200477852004800499157351ES-MaACL20250627063650.0040915s1783 fr abc |||| | fre d aCAM bspa cCAM1 aLe Clerc, Nicolas-Gabriel, d1726-179810aHistoire physique, morale, civile et politique de la Russie moderne / cpar M. Le Clerc... ; tome premier. aA Paris : bchez Froullé, libraire... ; aA Versailles : bchez Blaizot, libraire..., c1783 (fDe l'imprimerie de Clousier) a[4], 536, [2] p., [1] h. en bl., [10] h. pleg., [2] h. maps. pleg., [1] h. de grab. ; c4º. 4aRusia-xHistoria. aES-MaACLjR-3446 z-- Enc. pasta española